Ekonomická pozícia nových členských štátov v Európskej únii

Vstup desiatich nových členských krajín (N10) prehĺbil ekonomické rozdiely v rôznych smeroch. Ekonomicko-sociálna situácia nových členských krajín v porovnaní s EÚ15 - HDP, miera nezamestnanosti, sektorová zamestnanosť, vzdelanostná úroveň, inovačná aktivita, príjmy a ceny. Pozícia N10 podľa hodnote...

Ausführliche Beschreibung

Gespeichert in:
Bibliographische Detailangaben
1. Verfasser: Kačírková, Mária
Format: Buchkapitel
Sprache:Slowakisch
Schlagworte:
Tags: Tag hinzufügen
Keine Tags, Fügen Sie das erste Tag hinzu!

MARC

LEADER 00000naa$a2200000$$$4500
001 0060323
005 20231107111809.9
041 0 |a slo 
044 |a SK 
245 1 0 |a Ekonomická pozícia nových členských štátov v Európskej únii  |c Mária Kačírková 
520 |a Vstup desiatich nových členských krajín (N10) prehĺbil ekonomické rozdiely v rôznych smeroch. Ekonomicko-sociálna situácia nových členských krajín v porovnaní s EÚ15 - HDP, miera nezamestnanosti, sektorová zamestnanosť, vzdelanostná úroveň, inovačná aktivita, príjmy a ceny. Pozícia N10 podľa hodnotenia ekonomickej výkonnosti a inovačného kapitáluv poradí 1 až 10. Krajiny V4 a ich regionálne disparity - najslabší a najsilnejší región. Zmierňovanie rozdielov za pomoci regionálnej politiky EÚ. Štrukturálne fondy a nástroje pre nové členské štáty. 
610 2 0 |a Európska únia 
610 2 0 |a štát 
610 2 0 |a situácia hospodárska 
610 2 0 |a regióny 
610 2 0 |a disparita 
610 2 0 |a Vyšehradská štvorka 
610 2 0 |a politika regionálna 
610 2 0 |a fondy štruktúrne 
610 2 0 |a integrácia ekonomická medzinárodná 
100 1 |a Kačírková, Mária